000 00399nam a22001217a 4500
008 160416b xxu||||| |||| 00| 0 eng d
100 _aPhillips, Stanley
245 _aHow to arrange and write-up a stamp collection
250 _62nd Ed.
260 _aLondon
_bStanley Gibbons, Ltd.
_c1946
650 _aCollecting -- Guides and Handbooks | Collecting -- Arrangement and Mounting
700 _aRang, C. P.
999 _c1898
_d1898